Recent developments in stochastic activity networks <a> survey
Guardado en:
| Autor principal: | |
|---|---|
| Formato: | Libro |
| Lenguaje: | inglés |
| Publicado: |
Karlsruhe
Institut für Wirtschaftstheorie und Operations Research
1984
|
| Colección: | Report WIOR
217 |
| Etiquetas: |
Sin Etiquetas, Sea el primero en etiquetar este registro!
|
MARC
| LEADER | 00000nam a2200000 4500 | ||
|---|---|---|---|
| 001 | c113742 | ||
| 005 | 20181203150323.7 | ||
| 041 | 0 | |a eng | |
| 044 | |a DE | ||
| 245 | 1 | 0 | |a Recent developments in stochastic activity networks |b <a> survey |c Klaus Neumann |
| 264 | 1 | |a Karlsruhe |b Institut für Wirtschaftstheorie und Operations Research |c 1984 | |
| 300 | |a 29 s. | ||
| 490 | 1 | |a Report WIOR |v 217 | |
| 830 | 0 | |a Report WIOR |v 217 | |
| 100 | 1 | |a Neumann, Klaus | |